Sons and lovers (Record no. 33025)

MARC details
000 -LEADER
fixed length control field 00254nam a2200109Ia 4500
082 ## - DEWEY DECIMAL CLASSIFICATION NUMBER
Classification number 82-3
Item number LAW
100 ## - MAIN ENTRY--AUTHOR NAME
Personal name Lawrence, D H
245 #0 - TITLE STATEMENT
Title Sons and lovers
260 ## - PUBLICATION, DISTRIBUTION, ETC. (IMPRINT)
Place of publication England
Name of publisher Penguin
Year of publication 1978
942 ## - ADDED ENTRY ELEMENTS (KOHA)
Koha item type Books
Holdings
Withdrawn status Lost status Damaged status Not for loan Home library Current library Date acquired Full call number Accession Number Koha item type
        RRII Library RRII Library 16/12/2021 82-3 LAW 13526 Books